Les 10 joueurs les plus décisifs en serie a 2022/23. - Statistiques

Statistiques générales
  • Ce quiz a été pris 58 fois
  • Le résultat moyen est 7 sur 10
Statistiques - réponses
G+A Joueurs Clubs % Correct
27 Lautaro Martinez Inter
98%
18 Olivier Giroud Milan
96%
23 Rafael Leao Milan
95%
30 Victor Osimhen Napoli
95%
18 Paulo Dybala Roma
85%
17 Ciro Immobile Lazio
84%
22 Khvicha Kvaratskhelia Napoli
56%
19 Domenico Berardi Sassuolo
45%
22 Boulaye Dia Salernitana
40%
19 Ademola Lookman Atalanta
33%
Aucun quiz correspondant
Distribution des résultats
% des personnes avec chaque résultat
Percentile par nombre de réponses
Votre historique - résultats
Vous n’avez pas pris ce quiz